LEADER 00845nam0-22002891i-450- 001 990004042400403321 005 20051103125551.0 035 $a000404240 035 $aFED01000404240 035 $a(Aleph)000404240FED01 035 $a000404240 100 $a19990604d1985----km-y0itay50------ba 101 0 $aita 105 $ay-------00-y- 200 1 $aDonna e Chiesa$ela testimonianza di Giovanni Crisostomo$fCettina Mitiello 210 $aPalermo$cEdi Oftes$d1985 215 $a249 p.$d24 cm 225 1 $aStudi$eCollana della Facoltà Teologica di Sicilia$v3 676 $a248.843$v21$zita 700 1$aMilitello,$bCettina$0154001 801 0$aIT$bUNINA$gRICA$2UNIMARC 901 $aBK 912 $a990004042400403321 952 $a248.843 MIL 1$bD.D.S.1503$fFLFBC 959 $aFLFBC 996 $aDonna e Chiesa$9471464 997 $aUNINA LEADER 01203nam--2200373---450- 001 990003029660203316 005 20071206115658.0 035 $a000302966 035 $aUSA01000302966 035 $a(ALEPH)000302966USA01 035 $a000302966 100 $a20071206d1979----km-y0itay50------ba 101 $aita 102 $aIT 105 $a||||||||001yy 200 1 $a<> contado fiorentino nella seconda metà del Dugento$ela distribuzione della popolazione e del potenziale economico$fRenato Stopani 210 $aFirenze$cSalimbeni$d1979 215 $a115 p., [31] c. di tav.$d24 cm 225 2 $aCollana di studi storico-territoriali$v3 410 0$12001$aCollana di studi storico-territoriali$v3 454 1$12001 461 1$1001-------$12001 607 0 $aFirenze $xEconomia$zSec. 13. 676 $a330.94551 700 1$aSTOPANI,$bRenato$037005 801 0$aIT$bsalbc$gISBD 912 $a990003029660203316 951 $aIV 1 STO$b4039 DBC$cIV 1 959 $aBK 969 $aDBC 979 $aDBC$b90$c20071206$lUSA01$h1155 979 $aDBC$b90$c20071206$lUSA01$h1156 996 $aContado fiorentino nella seconda metà del Dugento$91025774 997 $aUNISA